000 00545cam a2200169 4500
001 J111807
008 000000n 000 0 eng u
035 _a(Sirsi) u111807
110 _aCB Hillier Parker
_93660
245 _aCB Hiller Parker research publications
260 _aLondon
_bCB Hiller Parker
300 _aMultiple parts
520 _aSubscription service for CB Hiller Parker Research Publications - each series catalogued separately.
650 _aPROPERTY MARKET REPORTS
690 _aPROPERTY-COMMERCIAL PROPERTY
942 _n0
999 _c101288
_d101288